Statistiques concernant Les plus grandes villes de France - Extreme

Cliquez ici pour prendre le quiz!

Statistiques générales

  • Ce quiz a été pris 1,477 fois
    (575 depuis la dernière actualisation)
  • Le résultat moyen est 114 sur 200

Statistiques - réponses

Population (2016) Ville % Correct
2,190,327Paris
99%
342,637Nice
99%
862,211Marseille
99%
515,695Lyon
99%
232,440Lille
98%
306,694Nantes
98%
279,284Strasbourg
98%
252,040Bordeaux
98%
475,438Toulouse
97%
139,342Brest
96%
216,268Rennes
96%
281,613Montpellier
95%
136,565Tours
95%
170,352Le Havre
94%
155,090Dijon
94%
158,180Grenoble
93%
183,113Reims
92%
171,924Saint-Etienne
92%
104,592Nancy
91%
77,251Pau
90%
110,117Rouen
90%
111,354Saint-Denis
90%
114,782Orléans
90%
53,741La Roche-sur-Yon
90%
117,890Metz
90%
169,634Toulon
90%
105,403Caen
89%
121,875Perpignan
89%
147,920Saint-Denis (Réunion)
89%
142,686Clermont-Ferrand
89%
151,001Nîmes
89%
85,346Versailles
88%
151,229Angers
88%
132,660Limoges
88%
126,419Annecy
87%
133,755Amiens
86%
149,019Villeurbanne
86%
69,899Colmar
84%
108,999Mulhouse
84%
142,991Le Mans
83%
73,798Cannes
83%
74,978Calais
82%
63,405Quimper
82%
41,365Bourg-en-Bresse
82%
88,108Dunkerque
82%
143,006Aix-en-Provence
81%
57,274Lorient
80%
50,589Bayonne
79%
87,961Poitiers
79%
92,378Avignon
79%
116,466Besançon
78%
96,412Roubaix
78%
62,477Valence
78%
94,258Nanterre
78%
119,645Boulogne-Billancourt
77%
75,736La Rochelle
77%
53,218Vannes
77%
69,075Ajaccio
77%
59,183Chambéry
76%
60,640Troyes
76%
45,895Carcassonne
75%
89,392Créteil
72%
45,687Blois
72%
44,829Bastia
72%
81,017Fort-de-France
71%
97,476Tourcoing
70%
59,005Niort
69%
69,719Saint-Nazaire
69%
68,090Evry-Courcouronnes
68%
60,580Neuilly-sur-Seine
67%
80,076Cherbourg-en-Cotentin
67%
76,493Béziers
66%
74,875Antibes
65%
60,444Montauban
65%
53,594Narbonne
64%
45,446Chalon-sur-Saône
64%
56,020Beauvais
64%
46,005Saint-Malo
64%
38,752Chartres
63%
108,402Montreuil
62%
66,555Bourges
62%
41,935Angoulême
62%
55,772Hyères
61%
49,024Albi
61%
68,395Issy-les-Moulineaux
61%
52,857Arles
61%
41,669Boulogne-sur-Mer
61%
40,883Arras
61%
60,771Ivry-sur-Seine
60%
43,680Valenciennes
60%
40,805Gap
60%
86,061Aubervilliers
60%
46,682Charleville-Mézières
59%
63,820Cergy
59%
60,580Cayenne (Guyane)
59%
40,228Melun
59%
54,443Saint-Quentin
57%
48,973Belfort
57%
49,492Laval
56%
48,899Evreux
56%
60,819Clichy
56%
62,358Villeneuve-d'Ascq
56%
70,317Mérignac
56%
53,168Fréjus
54%
52,337Bobigny
54%
110,468Argenteuil
54%
84,169Saint-Pierre (Réunion)
53%
61,859Pessac
53%
44,088Châteauroux
53%
44,999Saint-Brieuc
53%
40,318Tarbes
52%
105,482Saint-Paul (Réunion)
52%
43,609Sète
50%
53,718Cholet
50%
39,657Douai
50%
63,462Levallois-Perret
50%
70,269Drancy
49%
57,781Sarcelles
49%
65,405Vénissieux
49%
92,755Vitry-sur-Seine
49%
64,620La Seyne-sur-Mer
48%
49,853Vincennes
48%
38,692Montélimar
48%
55,478Villejuif
47%
84,662Aulnay-sous-Bois
47%
81,720Courbevoie
46%
41,338Castres
46%
62,210Antony
45%
47,004Brive-la-Gaillarde
44%
54,331Meaux
44%
85,368Colombes
43%
45,299Aubagne
42%
78,195Rueil-Malmaison
42%
85,973Asnières-sur-Seine
42%
49,128Montrouge
41%
77,283Le Tampon
41%
55,342Pantin
40%
99,926Nouméa (Nouvelle-Calédonie)
40%
43,969Mantes-la-Jolie
40%
41,083Thionville
39%
44,980Châlons-en-Champagne
39%
48,783Martigues
39%
42,925Istres
38%
71,437Mamoudzou
38%
42,385La Courneuve
38%
49,664Saint-Ouen-sur-Seine
38%
54,260Les Abymes
38%
50,577Grasse
38%
77,409Champigny-sur-Marne
37%
40,258Compiègne
37%
44,008Saint-Germain-en-Laye
36%
49,924Massy
36%
74,893Saint-Maur-des-Fossés
36%
39,970Alès
36%
42,712Talence
35%
44,662Puteaux
35%
40,053Draguignan
35%
66,659Noisy-le-Grand
35%
55,289Maisons-Alfort
34%
45,328Meudon
33%
48,497Vaulx-en-Velin
33%
49,902Cagnes-sur-Mer
32%
55,593Epinay-sur-Seine
31%
51,049Corbeil-Essonnes
31%
50,629Sevran
30%
43,886Alfortville
30%
48,620Suresnes
30%
55,628Saint-André (Réunion)
30%
53,143Bondy
29%
42,915Caluire-et-Cuire
29%
45,574Salon-de-Provence
29%
43,799Saint-Laurent-du-Maroni
28%
38,724Anglet
28%
41,060Bron
28%
43,537Noisy-le-Sec
28%
52,648Sartrouville
27%
46,653Gennevilliers
26%
52,528Clamart
26%
55,987Le Blanc-Mesnil
25%
54,196Chelles
25%
44,450Choisy-le-Roi
25%
53,424Fontenay-sous-Bois
25%
39,763Bagneux
24%
40,368Rezé
24%
53,220Saint-Louis (Réunion)
23%
44,466Livry-Gargan
22%
45,844Saint-Priest
22%
46,603Saint-Herblain
22%
38,716Colomiers
22%
42,598Garges-lès-Gonesse
21%
41,612Le Cannet
21%
38,634Saint-Martin-d'Hères
20%
43,219Les Sables-d'Olonne
18%
39,618Stains
18%
38,326Pontault-Combault
17%
45,411Rosny-sous-Bois
17%
39,298Marcq-en-Barœul
17%
41,341Wattrelos
16%
40,175Le Lamentin
14%
39,148Gagny
13%

Distribution des résultats

Percentile par nombre de réponses

% des personnes avec chaque résultat

Votre développement - résultats

Vous n’avez pas pris ce quiz depuis la dernière actualisation